[Event "Irena Warakomska Memorial A"]
[Site "Suwalki"]
[Date "2021.07.29"]
[Round "3"]
[White "Chatalbashev, Boris"]
[Black "Nowak, Mikolaj"]
[Result "1/2-1/2"]
[Board "2"]
[WhiteElo "2535"]
[WhiteTitle "GM"]
[WhiteCountry "DEN"]
[WhiteFideId "2900440"]
[WhiteEloChange "-3"]
[BlackElo "2310"]
[BlackCountry "POL"]
[BlackFideId "1191365"]
[BlackEloChange "6"]

1. d4 {[%clk 1:30:58]} d5 {[%clk 1:30:55]} 2. c4 {[%clk 1:31:21]} e6 {[%clk
1:31:20]} 3. Nc3 {[%clk 1:31:45]} Nf6 {[%clk 1:31:46]} 4. Bg5 {[%clk 1:31:27]} c6
{[%clk 1:30:58]} 5. e3 {[%clk 1:31:44]} Bd6 {[%clk 1:31:02]} 6. Nf3 {[%clk
1:31:56]} h6 {[%clk 1:30:59]} 7. Bh4 {[%clk 1:32:02]} O-O {[%clk 1:31:01]} 8. Qc2
{[%clk 1:30:42]} Re8 {[%clk 1:31:16]} 9. O-O-O {[%clk 1:25:51]} dxc4 {[%clk
1:25:17]} 10. Bxc4 {[%clk 1:23:04]} b5 {[%clk 1:25:38]} 11. Bd3 {[%clk 1:22:22]}
Na6 {[%clk 1:25:20]} 12. Bh7+ {[%clk 1:11:09]} Kh8 {[%clk 1:18:14]} 13. Ne5
{[%clk 1:00:24]} Qc7 {[%clk 1:13:16]} 14. Be4 {[%clk 0:58:10]} Nd5 {[%clk
0:54:12]} 15. Bg3 {[%clk 0:54:29]} Nab4 {[%clk 0:46:08]} 16. Qd2 {[%clk 0:41:20]}
Kg8 {[%clk 0:40:44]} 17. Bb1 {[%clk 0:38:39]} Nxc3 {[%clk 0:35:52]} 18. bxc3
{[%clk 0:30:58]} Nd5 {[%clk 0:35:46]} 19. Qd3 {[%clk 0:29:01]} Nf6 {[%clk
0:29:37]} 20. e4 {[%clk 0:24:05]} Bb7 {[%clk 0:26:57]} 21. Nxf7 {[%clk 0:22:17]}
Ba3+ {[%clk 0:23:47]} 22. Kd2 {[%clk 0:20:38]} Qxf7 {[%clk 0:23:40]} 23. e5
{[%clk 0:21:03]} c5 {[%clk 0:18:36]} 24. exf6 {[%clk 0:21:13]} gxf6 {[%clk
0:18:39]} 25. Qxb5 {[%clk 0:17:05]} cxd4 {[%clk 0:17:49]} 26. cxd4 {[%clk
0:17:30]} Red8 {[%clk 0:17:03]} 27. Ke2 {[%clk 0:14:34]} Rac8 {[%clk 0:13:16]}
28. f3 {[%clk 0:10:50]} Bd5 {[%clk 0:12:02]} 29. Qa5 {[%clk 0:07:56]} Qe7 {[%clk
0:10:00]} 30. Qd2 {[%clk 0:07:04]} Bc4+ {[%clk 0:09:00]} 31. Kf2 {[%clk 0:07:22]}
Rxd4 {[%clk 0:08:05]} 32. Qxh6 {[%clk 0:07:44]} Bc5 {[%clk 0:07:14]} 33. Qg6+
{[%clk 0:07:42]} Kf8 {[%clk 0:06:40]} 34. Qh6+ {[%clk 0:08:02]} Kg8 {[%clk
0:05:28]} 35. Qg6+ {[%clk 0:08:14]} Kf8 {[%clk 0:05:50]} 36. Qh6+ {[%clk
0:08:37]} Kg8 {[%clk 0:04:31]} 1/2-1/2

[Event "Irena Warakomska Memorial A"]
[Site "Suwalki"]
[Date "2021.07.29"]
[Round "3"]
[White "Goluch, Piotr"]
[Black "Laurusas, Tomas"]
[Result "0-1"]
[Board "3"]
[WhiteElo "2333"]
[WhiteTitle "IM"]
[WhiteCountry "POL"]
[WhiteFideId "1137840"]
[WhiteEloChange "-5"]
[BlackElo "2518"]
[BlackTitle "IM"]
[BlackCountry "LTU"]
[BlackFideId "12803731"]
[BlackEloChange "3"]

1. d4 {[%clk 1:30:57]} Nf6 {[%clk 1:30:13]} 2. c4 {[%clk 1:30:36]} c6 {[%clk
1:30:36]} 3. Nf3 {[%clk 1:31:01]} d5 {[%clk 1:31:02]} 4. Qc2 {[%clk 1:31:28]}
dxc4 {[%clk 1:25:37]} 5. Qxc4 {[%clk 1:31:07]} Bg4 {[%clk 1:24:28]} 6. Nbd2
{[%clk 1:21:29]} Nbd7 {[%clk 1:24:17]} 7. g3 {[%clk 1:13:29]} e6 {[%clk 1:24:29]}
8. Bg2 {[%clk 1:13:55]} Be7 {[%clk 1:24:49]} 9. O-O {[%clk 1:14:19]} a5 {[%clk
1:24:45]} 10. Ne5 {[%clk 1:09:08]} Bh5 {[%clk 1:25:04]} 11. Ndf3 {[%clk 1:06:51]}
O-O {[%clk 1:25:14]} 12. Bg5 {[%clk 1:06:05]} a4 {[%clk 1:23:01]} 13. a3 {[%clk
1:02:45]} Nb6 {[%clk 1:12:43]} 14. Qc2 {[%clk 1:02:49]} Ra5 {[%clk 1:12:29]} 15.
Rfd1 {[%clk 1:01:11]} Rb5 {[%clk 1:12:34]} 16. Rd3 {[%clk 0:49:02]} Qa8 {[%clk
1:03:19]} 17. g4 {[%clk 0:49:28]} Bg6 {[%clk 1:03:22]} 18. Nxg6 {[%clk 0:49:55]}
hxg6 {[%clk 1:03:43]} 19. e4 {[%clk 0:50:04]} Qd8 {[%clk 1:02:00]} 20. Bxf6
{[%clk 0:49:41]} Bxf6 {[%clk 1:01:57]} 21. Re1 {[%clk 0:47:25]} Bg5 {[%clk
0:59:57]} 22. Rc3 {[%clk 0:42:29]} Bf4 {[%clk 0:54:15]} 23. Bf1 {[%clk 0:42:40]}
Ra5 {[%clk 0:54:27]} 24. Rc5 {[%clk 0:42:50]} Nd7 {[%clk 0:53:11]} 25. Rxa5
{[%clk 0:42:23]} Qxa5 {[%clk 0:53:31]} 26. e5 {[%clk 0:42:10]} g5 {[%clk
0:51:32]} 27. h4 {[%clk 0:39:03]} gxh4 {[%clk 0:46:45]} 28. Qe4 {[%clk 0:39:19]}
g5 {[%clk 0:46:58]} 29. Bd3 {[%clk 0:39:05]} Ra8 {[%clk 0:47:14]} 30. Qh7+ {[%clk
0:39:31]} Kf8 {[%clk 0:47:39]} 31. Re4 {[%clk 0:39:10]} Ke7 {[%clk 0:44:50]} 32.
Qg7 {[%clk 0:31:28]} Rf8 {[%clk 0:38:10]} 33. Nxh4 {[%clk 0:12:00]} Qd2 {[%clk
0:34:28]} 34. Ng6+ {[%clk 0:11:49]} Ke8 {[%clk 0:34:56]} 35. Nxf8 {[%clk
0:11:22]} Qd1+ {[%clk 0:26:07]} 36. Bf1 {[%clk 0:11:48]} Qxg4+ {[%clk 0:26:32]}
37. Bg2 {[%clk 0:12:15]} Qd1+ {[%clk 0:26:43]} 38. Bf1 {[%clk 0:12:41]} Nxf8
{[%clk 0:27:08]} 39. Qh8 {[%clk 0:13:06]} Bc1 {[%clk 0:27:30]} 40. d5 {[%clk
0:37:30]} exd5 {[%clk 0:53:47]} 41. Rb4 {[%clk 0:37:56]} b5 {[%clk 0:53:15]} 42.
e6 {[%clk 0:38:21]} Qe1 {[%clk 0:43:08]} 43. exf7+ {[%clk 0:36:06]} Kxf7 {[%clk
0:43:30]} 44. Qh5+ {[%clk 0:36:16]} Ke7 {[%clk 0:40:28]} 45. Rd4 {[%clk 0:35:50]}
Be3 {[%clk 0:38:51]} 46. fxe3 {[%clk 0:34:05]} 0-1

[Event "Irena Warakomska Memorial A"]
[Site "Suwalki"]
[Date "2021.07.29"]
[Round "3"]
[White "Schippers, Maurice"]
[Black "Pultinevicius, Paulius"]
[Result "0-1"]
[Board "4"]
[WhiteElo "2292"]
[WhiteTitle "FM"]
[WhiteCountry "NED"]
[WhiteFideId "1004735"]
[WhiteEloChange "-5"]
[BlackElo "2492"]
[BlackTitle "GM"]
[BlackCountry "LTU"]
[BlackFideId "12809390"]
[BlackEloChange "2"]

1. e4 {[%clk 1:30:48]} c6 {[%clk 1:30:48]} 2. d4 {[%clk 1:30:55]} d5 {[%clk
1:31:14]} 3. exd5 {[%clk 1:31:19]} cxd5 {[%clk 1:31:29]} 4. c4 {[%clk 1:30:57]}
Nf6 {[%clk 1:31:54]} 5. Nc3 {[%clk 1:31:00]} Nc6 {[%clk 1:32:18]} 6. Nf3 {[%clk
1:30:36]} Be6 {[%clk 1:32:43]} 7. c5 {[%clk 1:19:32]} g6 {[%clk 1:32:58]} 8. Be2
{[%clk 1:17:27]} Bg7 {[%clk 1:31:49]} 9. O-O {[%clk 1:17:16]} O-O {[%clk
1:30:44]} 10. h3 {[%clk 1:10:41]} Ne4 {[%clk 1:29:15]} 11. Bf4 {[%clk 1:03:29]}
Qa5 {[%clk 1:22:03]} 12. Bd2 {[%clk 0:39:55]} Nxd2 {[%clk 1:21:24]} 13. Qxd2
{[%clk 0:40:20]} Rfd8 {[%clk 1:12:46]} 14. a3 {[%clk 0:38:11]} Rac8 {[%clk
1:11:51]} 15. Qe3 {[%clk 0:32:22]} Qc7 {[%clk 1:02:24]} 16. Rad1 {[%clk 0:28:41]}
b6 {[%clk 0:57:13]} 17. cxb6 {[%clk 0:24:08]} axb6 {[%clk 0:56:18]} 18. Ng5
{[%clk 0:23:11]} Bf5 {[%clk 0:54:25]} 19. g4 {[%clk 0:17:45]} Bc2 {[%clk
0:38:04]} 20. Rd2 {[%clk 0:14:51]} e5 {[%clk 0:38:03]} 21. Nb5 {[%clk 0:11:39]}
exd4 {[%clk 0:37:57]} 22. Nxc7 {[%clk 0:07:26]} dxe3 {[%clk 0:38:22]} 23. Rxc2
{[%clk 0:07:46]} Nd4 {[%clk 0:38:07]} 24. Ba6 {[%clk 0:02:06]} Nxc2 {[%clk
0:38:24]} 25. Bxc8 {[%clk 0:02:17]} e2 {[%clk 0:38:38]} 26. Rb1 {[%clk 0:01:33]}
Rxc8 {[%clk 0:38:36]} 27. Nxd5 {[%clk 0:01:58]} Rd8 {[%clk 0:38:48]} 28. Nc3
{[%clk 0:01:55]} Bxc3 {[%clk 0:39:12]} 0-1

[Event "Irena Warakomska Memorial A"]
[Site "Suwalki"]
[Date "2021.07.29"]
[Round "3"]
[White "Licznerski, Lukasz"]
[Black "Szadkowski, Kamil"]
[Result "1/2-1/2"]
[Board "5"]
[WhiteElo "2400"]
[WhiteTitle "FM"]
[WhiteCountry "POL"]
[WhiteFideId "1179250"]
[WhiteEloChange "-2"]
[BlackElo "2282"]
[BlackTitle "FM"]
[BlackCountry "POL"]
[BlackFideId "1123203"]
[BlackEloChange "3"]

1. e4 {[%clk 1:19:16]} c5 {[%clk 1:30:35]} 2. Nf3 {[%clk 1:19:22]} d6 {[%clk
1:31:00]} 3. d4 {[%clk 1:19:32]} cxd4 {[%clk 1:31:25]} 4. Nxd4 {[%clk 1:19:58]}
Nf6 {[%clk 1:31:41]} 5. Nc3 {[%clk 1:20:26]} a6 {[%clk 1:31:38]} 6. f4 {[%clk
1:20:49]} e5 {[%clk 1:30:49]} 7. Nf3 {[%clk 1:21:16]} Nbd7 {[%clk 1:30:13]} 8. a4
{[%clk 1:21:43]} Be7 {[%clk 1:28:24]} 9. Bd3 {[%clk 1:22:08]} O-O {[%clk
1:28:31]} 10. O-O {[%clk 1:22:35]} Qc7 {[%clk 1:27:36]} 11. Kh1 {[%clk 1:21:57]}
Re8 {[%clk 1:25:59]} 12. fxe5 {[%clk 1:16:31]} dxe5 {[%clk 1:22:28]} 13. Bg5
{[%clk 1:16:57]} h6 {[%clk 1:20:20]} 14. Bh4 {[%clk 1:17:20]} b6 {[%clk 1:19:21]}
15. Nd2 {[%clk 1:10:48]} Bb7 {[%clk 1:02:17]} 16. Qf3 {[%clk 1:09:47]} Nc5 {[%clk
0:57:53]} 17. Nc4 {[%clk 0:42:43]} Rad8 {[%clk 0:46:32]} 18. Ne3 {[%clk 0:40:54]}
Nxd3 {[%clk 0:44:29]} 19. cxd3 {[%clk 0:41:21]} Rxd3 {[%clk 0:44:49]} 20. Bxf6
{[%clk 0:38:07]} Bxf6 {[%clk 0:44:59]} 21. Qe2 {[%clk 0:38:33]} Red8 {[%clk
0:26:09]} 22. Ned5 {[%clk 0:20:31]} R3xd5 {[%clk 0:23:56]} 23. exd5 {[%clk
0:19:33]} Bxd5 {[%clk 0:23:49]} 24. Nxd5 {[%clk 0:19:38]} Rxd5 {[%clk 0:24:17]}
25. Qxa6 {[%clk 0:19:50]} Bg5 {[%clk 0:24:15]} 26. Rfd1 {[%clk 0:04:35]} Rc5
{[%clk 0:18:43]} 27. b4 {[%clk 0:04:00]} Rc2 {[%clk 0:17:05]} 28. Qa8+ {[%clk
0:04:03]} Kh7 {[%clk 0:17:30]} 29. a5 {[%clk 0:04:11]} bxa5 {[%clk 0:17:55]} 30.
bxa5 {[%clk 0:04:37]} Qc4 {[%clk 0:16:54]} 31. a6 {[%clk 0:03:04]} e4 {[%clk
0:15:42]} 32. Qd5 {[%clk 0:00:36]} Qxd5 {[%clk 0:16:03]} 33. Rxd5 {[%clk
0:01:04]} Bf6 {[%clk 0:16:28]} 34. Re1 {[%clk 0:00:35]} Ra2 {[%clk 0:16:52]} 35.
g3 {[%clk 0:00:32]} Rxa6 {[%clk 0:17:16]} 36. Rxe4 {[%clk 0:00:41]} Ra7 {[%clk
0:15:19]} 37. h4 {[%clk 0:00:33]} g6 {[%clk 0:15:29]} 38. Re2 {[%clk 0:00:32]} h5
{[%clk 0:15:45]} 39. Kg2 {[%clk 0:01:00]} Kg7 {[%clk 0:16:10]} 40. Red2 {[%clk
0:30:35]} Rb7 {[%clk 0:46:09]} 41. Kf3 {[%clk 0:30:22]} Ra7 {[%clk 0:45:44]} 42.
R2d3 {[%clk 0:27:12]} Rb7 {[%clk 0:45:33]} 43. Rd7 {[%clk 0:27:26]} Rb5 {[%clk
0:45:19]} 44. Ra7 {[%clk 0:27:21]} Rc5 {[%clk 0:44:14]} 45. Rdd7 {[%clk 0:27:19]}
Rf5+ {[%clk 0:44:39]} 46. Kg2 {[%clk 0:26:11]} Bc3 {[%clk 0:42:51]} 47. Rd3
{[%clk 0:24:58]} Bf6 {[%clk 0:43:12]} 48. Rb7 {[%clk 0:25:24]} Ba1 {[%clk
0:42:37]} 49. Rf3 {[%clk 0:25:39]} Rxf3 {[%clk 0:43:00]} 50. Kxf3 {[%clk
0:26:07]} Be5 {[%clk 0:43:22]} 51. g4 {[%clk 0:25:53]} hxg4+ {[%clk 0:43:47]} 52.
Kxg4 {[%clk 0:26:20]} Bc3 {[%clk 0:43:43]} 53. h5 {[%clk 0:26:21]} gxh5+ {[%clk
0:44:08]} 54. Kxh5 {[%clk 0:26:49]} Be5 {[%clk 0:44:22]} 55. Kg5 {[%clk 0:27:13]}
Bd4 {[%clk 0:44:26]} 56. Kf5 {[%clk 0:27:41]} Bc3 {[%clk 0:44:45]} 57. Rb3 {[%clk
0:27:53]} Bd4 {[%clk 0:45:10]} 58. Rg3+ {[%clk 0:28:17]} Kf8 {[%clk 0:45:31]} 59.
Ke4 {[%clk 0:28:44]} Bb2 {[%clk 0:45:50]} 60. Kd5 {[%clk 0:29:07]} Ke7 {[%clk
0:46:06]} 61. Rb3 {[%clk 0:28:59]} Ba1 {[%clk 0:46:24]} 62. Rb7+ {[%clk 0:29:13]}
Kf6 {[%clk 0:46:48]} 63. Kd6 {[%clk 0:29:34]} Be5+ {[%clk 0:46:37]} 64. Kd7
{[%clk 0:30:03]} Kg6 {[%clk 0:45:47]} 65. Ke7 {[%clk 0:30:31]} f6 {[%clk
0:45:51]} 66. Ke6 {[%clk 0:30:53]} Kg5 {[%clk 0:46:18]} 67. Kd5 {[%clk 0:30:57]}
Kf4 {[%clk 0:46:39]} 68. Rb4+ {[%clk 0:31:13]} Kf5 {[%clk 0:46:43]} 69. Rb1
{[%clk 0:30:29]} Kf4 {[%clk 0:46:48]} 70. Rf1+ {[%clk 0:30:57]} Ke3 {[%clk
0:47:13]} 71. Rxf6 {[%clk 0:30:57]} 1/2-1/2

[Event "Irena Warakomska Memorial A"]
[Site "Suwalki"]
[Date "2021.07.29"]
[Round "3"]
[White "Krawczyk, Flawian"]
[Black "Socko, Monika"]
[Result "1/2-1/2"]
[Board "6"]
[WhiteElo "1984"]
[WhiteCountry "POL"]
[WhiteFideId "21881413"]
[WhiteEloChange "8"]
[BlackElo "2393"]
[BlackTitle "GM"]
[BlackCountry "POL"]
[BlackFideId "1106619"]
[BlackEloChange "-8"]

1. d4 {[%clk 1:27:46]} Nf6 {[%clk 1:30:55]} 2. c4 {[%clk 1:28:10]} e6 {[%clk
1:31:21]} 3. Nf3 {[%clk 1:28:29]} b6 {[%clk 1:31:47]} 4. g3 {[%clk 1:28:51]} Ba6
{[%clk 1:32:13]} 5. b3 {[%clk 1:29:16]} Bb4+ {[%clk 1:32:26]} 6. Bd2 {[%clk
1:29:38]} Be7 {[%clk 1:32:51]} 7. Bg2 {[%clk 1:30:01]} d5 {[%clk 1:31:17]} 8. Ne5
{[%clk 1:25:10]} O-O {[%clk 1:26:48]} 9. O-O {[%clk 1:25:01]} Bb7 {[%clk
1:25:39]} 10. Qc2 {[%clk 1:22:25]} c6 {[%clk 1:16:26]} 11. cxd5 {[%clk 1:16:31]}
cxd5 {[%clk 1:15:31]} 12. Rc1 {[%clk 1:11:47]} Na6 {[%clk 1:02:47]} 13. Qb2
{[%clk 1:03:58]} Ne4 {[%clk 0:58:48]} 14. Be1 {[%clk 0:57:53]} Rc8 {[%clk
0:53:14]} 15. Nc3 {[%clk 0:52:59]} Nxc3 {[%clk 0:52:35]} 16. Bxc3 {[%clk
0:52:13]} Rc7 {[%clk 0:47:32]} 17. b4 {[%clk 0:50:12]} Nb8 {[%clk 0:43:48]} 18.
b5 {[%clk 0:49:33]} Nd7 {[%clk 0:44:07]} 19. Nxd7 {[%clk 0:47:13]} Qxd7 {[%clk
0:44:09]} 20. Bd2 {[%clk 0:47:28]} Rfc8 {[%clk 0:43:06]} 21. Rxc7 {[%clk
0:47:50]} Rxc7 {[%clk 0:43:33]} 22. a4 {[%clk 0:43:41]} Qc8 {[%clk 0:33:03]} 23.
Rc1 {[%clk 0:44:01]} a5 {[%clk 0:29:31]} 24. Rxc7 {[%clk 0:43:18]} Qxc7 {[%clk
0:29:31]} 1/2-1/2

[Event "Irena Warakomska Memorial A"]
[Site "Suwalki"]
[Date "2021.07.29"]
[Round "3"]
[White "Jakubowski, Krzysztof"]
[Black "Kiolbasa, Oliwia"]
[Result "1-0"]
[Board "7"]
[WhiteElo "2497"]
[WhiteTitle "GM"]
[WhiteCountry "POL"]
[WhiteFideId "1112848"]
[WhiteEloChange "2"]
[BlackElo "2255"]
[BlackTitle "WIM"]
[BlackCountry "POL"]
[BlackFideId "1154613"]
[BlackEloChange "-4"]

1. g3 {[%clk 1:30:56]} d5 {[%clk 1:30:24]} 2. c4 {[%clk 1:31:14]} e6 {[%clk
1:30:07]} 3. Bg2 {[%clk 1:31:25]} Nf6 {[%clk 1:30:08]} 4. Nf3 {[%clk 1:31:35]} c5
{[%clk 1:29:37]} 5. O-O {[%clk 1:31:15]} Nc6 {[%clk 1:28:28]} 6. cxd5 {[%clk
1:31:05]} exd5 {[%clk 1:21:39]} 7. d4 {[%clk 1:30:59]} h6 {[%clk 1:17:52]} 8. Nc3
{[%clk 1:31:09]} Bf5 {[%clk 1:08:25]} 9. Be3 {[%clk 1:12:10]} c4 {[%clk 0:52:40]}
10. Ne5 {[%clk 1:11:10]} Qa5 {[%clk 0:49:32]} 11. Bd2 {[%clk 0:55:29]} Bb4 {[%clk
0:46:20]} 12. Nxc6 {[%clk 0:55:35]} bxc6 {[%clk 0:46:39]} 13. a3 {[%clk 0:56:02]}
Bxc3 {[%clk 0:45:39]} 14. Bxc3 {[%clk 0:56:26]} Qb6 {[%clk 0:45:31]} 15. Bb4
{[%clk 0:49:56]} a5 {[%clk 0:42:35]} 16. Bc5 {[%clk 0:50:18]} Qc7 {[%clk
0:24:19]} 17. a4 {[%clk 0:42:02]} Ne4 {[%clk 0:21:05]} 18. Ba3 {[%clk 0:39:28]}
Nd6 {[%clk 0:19:05]} 19. Rc1 {[%clk 0:31:08]} O-O {[%clk 0:17:29]} 20. b3 {[%clk
0:30:54]} cxb3 {[%clk 0:16:45]} 21. Qxb3 {[%clk 0:30:19]} Qd7 {[%clk 0:13:45]}
22. Bxd6 {[%clk 0:27:03]} Qxd6 {[%clk 0:14:10]} 23. Rc5 {[%clk 0:27:30]} Rab8
{[%clk 0:05:07]} 24. Qc3 {[%clk 0:27:35]} Rb4 {[%clk 0:05:31]} 25. Rxc6 {[%clk
0:27:51]} Qd7 {[%clk 0:05:54]} 26. e3 {[%clk 0:28:14]} Rxa4 {[%clk 0:01:52]} 27.
Rc5 {[%clk 0:27:09]} Be6 {[%clk 0:01:50]} 28. Rxa5 {[%clk 0:22:46]} Rc4 {[%clk
0:02:18]} 29. Qa3 {[%clk 0:22:21]} Rfc8 {[%clk 0:02:43]} 30. h4 {[%clk 0:22:42]}
Qb7 {[%clk 0:01:34]} 31. Qd6 {[%clk 0:11:26]} Rc1 {[%clk 0:01:55]} 32. Qa6 {[%clk
0:11:19]} Rxf1+ {[%clk 0:01:30]} 33. Bxf1 {[%clk 0:11:33]} Qb1 {[%clk 0:00:52]}
34. Ra1 {[%clk 0:11:12]} Qb2 {[%clk 0:00:51]} 35. Qa2 {[%clk 0:11:22]} Qc3 {[%clk
0:01:16]} 36. Bg2 {[%clk 0:11:27]} Rb8 {[%clk 0:01:11]} 37. Rf1 {[%clk 0:11:28]}
Qc6 {[%clk 0:00:59]} 38. Qa3 {[%clk 0:11:10]} Rc8 {[%clk 0:01:10]} 39. Qa5 {[%clk
0:11:17]} Rb8 {[%clk 0:00:41]} 40. Ra1 {[%clk 0:40:56]} Qc4 {[%clk 0:30:37]} 41.
Bf1 {[%clk 0:40:47]} Qc2 {[%clk 0:27:57]} 42. Ra2 {[%clk 0:39:20]} Qd1 {[%clk
0:23:58]} 43. Qd2 {[%clk 0:36:35]} Qb1 {[%clk 0:22:16]} 44. Rc2 {[%clk 0:35:42]}
Qa1 {[%clk 0:21:45]} 45. Qc3 {[%clk 0:26:11]} Qa4 {[%clk 0:20:27]} 46. Bd3 {[%clk
0:25:38]} g6 {[%clk 0:13:53]} 47. Qd2 {[%clk 0:26:00]} Rb3 {[%clk 0:12:40]} 48.
Be2 {[%clk 0:25:00]} Qa1+ {[%clk 0:12:08]} 49. Kh2 {[%clk 0:24:59]} Rb1 {[%clk
0:04:04]} 50. Bf3 {[%clk 0:25:13]} Qa3 {[%clk 0:04:26]} 51. Bg2 {[%clk 0:19:02]}
Bf5 {[%clk 0:02:55]} 52. Bxd5 {[%clk 0:15:47]} Bxc2 {[%clk 0:01:34]} 53. Qxc2
{[%clk 0:16:13]} Rb6 {[%clk 0:00:54]} 54. Bxf7+ {[%clk 0:16:26]} Kg7 {[%clk
0:01:10]} 55. Bd5 {[%clk 0:16:17]} Qd6 {[%clk 0:01:01]} 56. e4 {[%clk 0:16:12]}
g5 {[%clk 0:00:38]} 57. hxg5 {[%clk 0:16:11]} hxg5 {[%clk 0:01:04]} 58. Kg2
{[%clk 0:16:37]} g4 {[%clk 0:00:58]} 59. Qc8 {[%clk 0:16:51]} Qg6 {[%clk
0:00:39]} 60. Qc7+ {[%clk 0:16:25]} Kh6 {[%clk 0:00:40]} 61. Qf4+ {[%clk
0:14:59]} Kg7 {[%clk 0:00:54]} 62. Qe5+ {[%clk 0:09:09]} Kf8 {[%clk 0:00:46]} 63.
Qf4+ {[%clk 0:07:23]} Kg7 {[%clk 0:01:11]} 64. Bc4 {[%clk 0:07:08]} Rf6 {[%clk
0:00:36]} 65. Qe5 {[%clk 0:06:23]} Kh7 {[%clk 0:00:52]} 66. Bd3 {[%clk 0:05:11]}
Kh6 {[%clk 0:00:41]} 67. Qb8 {[%clk 0:05:01]} Qh5 {[%clk 0:00:34]} 68. Qh8+
{[%clk 0:03:52]} Kg5 {[%clk 0:01:02]} 69. Qd8 {[%clk 0:03:55]} Qh3+ {[%clk
0:00:37]} 70. Kg1 {[%clk 0:04:20]} Kh5 {[%clk 0:00:35]} 71. e5 {[%clk 0:03:21]}
Rh6 {[%clk 0:00:33]} 72. Qe8+ {[%clk 0:03:34]} Kg5 {[%clk 0:00:54]} 73. Qe7+
{[%clk 0:03:55]} 1-0

[Event "Irena Warakomska Memorial A"]
[Site "Suwalki"]
[Date "2021.07.29"]
[Round "3"]
[White "Kosakowski, Jakub"]
[Black "Budrewicz, Krzysztof"]
[Result "1-0"]
[Board "8"]
[WhiteElo "2417"]
[WhiteTitle "IM"]
[WhiteCountry "POL"]
[WhiteFideId "1185080"]
[WhiteEloChange "3"]
[BlackElo "2279"]
[BlackCountry "POL"]
[BlackFideId "1127950"]
[BlackEloChange "-6"]

1. e4 {[%clk 1:30:29]} g6 {[%clk 1:30:35]} 2. d4 {[%clk 1:30:11]} Bg7 {[%clk
1:30:53]} 3. Nf3 {[%clk 1:30:07]} d6 {[%clk 1:29:27]} 4. Bc4 {[%clk 1:30:19]} c6
{[%clk 1:28:07]} 5. h3 {[%clk 1:26:38]} Nf6 {[%clk 1:23:09]} 6. Qe2 {[%clk
1:26:50]} O-O {[%clk 1:23:16]} 7. e5 {[%clk 1:27:08]} Nd5 {[%clk 1:22:11]} 8. O-O
{[%clk 1:26:49]} b5 {[%clk 1:21:28]} 9. Bxd5 {[%clk 1:12:34]} cxd5 {[%clk
1:21:40]} 10. Re1 {[%clk 1:11:28]} a6 {[%clk 1:18:16]} 11. Bf4 {[%clk 1:06:40]}
Nc6 {[%clk 1:14:47]} 12. exd6 {[%clk 1:01:09]} exd6 {[%clk 1:14:39]} 13. Nc3
{[%clk 1:01:27]} Be6 {[%clk 1:14:47]} 14. Qd2 {[%clk 1:01:46]} Re8 {[%clk
1:10:53]} 15. Re2 {[%clk 0:57:36]} b4 {[%clk 0:55:53]} 16. Na4 {[%clk 0:57:05]}
Qa5 {[%clk 0:50:02]} 17. b3 {[%clk 0:57:08]} Red8 {[%clk 0:50:14]} 18. Rae1
{[%clk 0:56:15]} Bf5 {[%clk 0:42:40]} 19. Bxd6 {[%clk 0:51:44]} Be4 {[%clk
0:42:46]} 20. Bc5 {[%clk 0:51:54]} Bxf3 {[%clk 0:42:51]} 21. gxf3 {[%clk
0:52:14]} Bf6 {[%clk 0:36:09]} 22. Nb6 {[%clk 0:49:44]} Rab8 {[%clk 0:16:17]} 23.
Nd7 {[%clk 0:49:59]} 1-0

[Event "Irena Warakomska Memorial A"]
[Site "Suwalki"]
[Date "2021.07.29"]
[Round "3"]
[White "Szpar, Milosz"]
[Black "Poltorak, Sebastian"]
[Result "1/2-1/2"]
[Board "9"]
[WhiteElo "2392"]
[WhiteTitle "FM"]
[WhiteCountry "POL"]
[WhiteFideId "1184989"]
[WhiteEloChange "-4"]
[BlackElo "2233"]
[BlackCountry "POL"]
[BlackFideId "1199498"]
[BlackEloChange "4"]

1. e4 {[%clk 1:26:40]} c5 {[%clk 1:30:03]} 2. Nf3 {[%clk 1:26:39]} Nc6 {[%clk
1:30:26]} 3. Bb5 {[%clk 1:26:06]} e5 {[%clk 1:30:40]} 4. O-O {[%clk 1:25:48]} Bd6
{[%clk 1:29:54]} 5. c3 {[%clk 1:25:07]} a6 {[%clk 1:30:10]} 6. Ba4 {[%clk
1:24:54]} b5 {[%clk 1:30:13]} 7. Bc2 {[%clk 1:22:53]} Bb7 {[%clk 1:24:18]} 8. a4
{[%clk 1:19:08]} Nge7 {[%clk 1:16:37]} 9. Qe2 {[%clk 1:16:23]} O-O {[%clk
1:06:50]} 10. Na3 {[%clk 1:02:26]} b4 {[%clk 1:05:27]} 11. Nc4 {[%clk 1:01:35]}
Bc7 {[%clk 1:04:28]} 12. d3 {[%clk 0:54:22]} d5 {[%clk 1:00:03]} 13. Ne3 {[%clk
0:54:34]} d4 {[%clk 0:47:29]} 14. cxd4 {[%clk 0:53:42]} exd4 {[%clk 0:47:09]} 15.
Nc4 {[%clk 0:53:23]} Ng6 {[%clk 0:46:20]} 16. Bb3 {[%clk 0:48:28]} h6 {[%clk
0:40:00]} 17. Re1 {[%clk 0:45:33]} Qe7 {[%clk 0:37:17]} 18. Nfd2 {[%clk 0:33:40]}
Kh8 {[%clk 0:32:00]} 19. Qf1 {[%clk 0:27:41]} Rae8 {[%clk 0:24:39]} 20. g3 {[%clk
0:23:32]} f5 {[%clk 0:18:29]} 21. Bd1 {[%clk 0:16:45]} f4 {[%clk 0:16:38]} 22.
Nf3 {[%clk 0:16:06]} Bc8 {[%clk 0:15:36]} 23. Qg2 {[%clk 0:15:30]} Nge5 {[%clk
0:14:13]} 24. Nfxe5 {[%clk 0:13:22]} Nxe5 {[%clk 0:14:38]} 25. Nxe5 {[%clk
0:13:20]} Bxe5 {[%clk 0:15:03]} 26. b3 {[%clk 0:10:39]} Be6 {[%clk 0:12:35]} 27.
f3 {[%clk 0:10:41]} h5 {[%clk 0:11:48]} 28. Rf1 {[%clk 0:10:08]} g5 {[%clk
0:10:27]} 29. Rb1 {[%clk 0:07:06]} Qd6 {[%clk 0:08:37]} 30. g4 {[%clk 0:06:58]}
hxg4 {[%clk 0:08:57]} 31. fxg4 {[%clk 0:07:22]} Re7 {[%clk 0:08:59]} 32. h3
{[%clk 0:01:45]} a5 {[%clk 0:08:02]} 33. Bd2 {[%clk 0:02:01]} Rh7 {[%clk
0:07:20]} 34. Kf2 {[%clk 0:02:00]} Qa6 {[%clk 0:03:37]} 35. Qf3 {[%clk 0:01:39]}
Kg7 {[%clk 0:03:57]} 36. Bc2 {[%clk 0:01:43]} Rfh8 {[%clk 0:03:43]} 37. Rh1
{[%clk 0:02:02]} Bd7 {[%clk 0:03:31]} 38. Kg2 {[%clk 0:00:38]} Qc8 {[%clk
0:03:28]} 39. Rbg1 {[%clk 0:00:53]} Be6 {[%clk 0:03:11]} 40. Kf2 {[%clk 0:30:57]}
Qg8 {[%clk 0:33:27]} 41. Rb1 {[%clk 0:28:39]} Rh4 {[%clk 0:33:35]} 42. Kg2 {[%clk
0:26:38]} Qh7 {[%clk 0:33:48]} 43. Bd1 {[%clk 0:26:42]} Qg8 {[%clk 0:27:19]}
1/2-1/2